00401 2200145 4500245008200000020001500082250001000097100001700107650003900124005001900163260004100182041001400223084000900237336000900246 aSeri Manajemen Sumber Daya Manusia ; Kepemimpinan jilid 2cA.Dale TimpehText a0816014604 aCet 5 aA.Dale Timpe aSeri Manajemen Sumber Daya Manusia a20240820102202 aJakartabElex Media Komputindoc2002 aIndonesia aNONE atext